Statistics for All Tony Nominated Broadway Musicals

Click here to take the quiz!

General Stats

  • This quiz has been taken 47 times
  • The average score is 62 of 271

Answer Stats

YearMusical% Correct
2016Hamilton
90%
1988The Phantom of the Opera
87%
1976Chicago
87%
1983Cats
84%
1987Les Misérables
84%
1998The Lion King
84%
2004Wicked
81%
1977Annie
74%
1967Cabaret
74%
1979Sweeney Todd: The Demon Barber of Fleet Street
74%
1994Beauty and the Beast
71%
1951Guys and Dolls
71%
1996Rent
71%
1960The Sound of Music
71%
1958West Side Story
71%
1988Into the Woods
68%
2017Dear Evan Hansen
65%
2019Hadestown
65%
1972Grease
65%
1969Hair
65%
2014Aladdin
61%
2011The Book of Mormon
61%
2002Mamma Mia!
61%
2022Six
61%
1965Fiddler on the Roof
58%
1957My Fair Lady
58%
1975The Wiz
58%
1980Evita
55%
2020Moulin Rouge!
55%
1982Dreamgirls
55%
2007Mary Poppins
55%
1976A Chorus Line
52%
1961Bye Bye Birdie
52%
2003Hairspray
52%
2001The Producers
52%
2018Frozen
52%
2016Waitress
52%
2008In the Heights
48%
1949Kiss Me, Kate
48%
1950South Pacific
48%
1952The King and I
48%
1964Funny Girl
48%
1991Miss Saigon
48%
2012Newsies
48%
1971Company
45%
1964Hello, Dolly!
45%
2013Matilda
45%
2018Mean Girls
45%
1963A Funny Thing Happened on the Way to the Forum
42%
2009Billy Elliot the Musical
42%
2006Jersey Boys
42%
2013Kinky Boots
42%
2005Spamalot
42%
2017Come From Away
42%
2004Avenue Q
39%
1962How to Succeed in Business Without Really Trying
39%
2023Kimberly Akimbo
39%
2012Once
39%
1958The Music Man
39%
1960Gypsy
39%
2009Shrek
39%
2023Shucked
39%
2023& Juliet
35%
1973A Little Night Music
35%
1982Nine
35%
2007Spring Awakening
35%
1963Oliver!
35%
1973Pippin
35%
1984Sunday in the Park with George
35%
19691776
32%
1992Falsettos
32%
2002Urinetown
32%
198142nd Street
29%
2019Beetlejuice
29%
1995Sunset Boulevard
29%
1955The Pajama Game
29%
1997Titanic
29%
1963Little Me
29%
1966Mame
29%
2015Something Rotten!
29%
1987Starlight Express
29%
2006The Color Purple
29%
2019The Prom
29%
2015Fun Home
26%
1984La Cage aux Folles
26%
1966Man of La Mancha
26%
2002Thoroughly Modern Millie
26%
1972Follies
26%
1982Joseph and the Amazing Technicolor Dreamcoat
26%
2023New York, New York
26%
1998Ragtime
26%
2009Rock of Ages
26%
1964She Loves Me
26%
2023Some Like It Hot
26%
2018SpongeBob SquarePants
26%
1966Sweet Charity
26%
1956Damn Yankees
23%
1999Fosse
23%
2010Memphis
23%
2022MJ
23%
1991Once on This Island
23%
1999Parade
23%
2016School of Rock
23%
2011Sister Act
23%
2014A Gentleman's Guide to Love and Murder
19%
1978Ain't Misbehavin'
19%
1985Big River
19%
1990City of Angels
19%
2014Beautiful: The Carole King Musical
19%
1960Fiorello!
19%
2018The Band's Visit
19%
1986The Mystery of Edwin Drood
19%
1972Two Gentlemen of Verona
19%
1978Dancin'
19%
1960Once Upon a Mattress
19%
1995Smokey Joe's Cafe
19%
2005The 25th Annual Putnam County Spelling Bee
19%
1979The Best Little Whorehouse in Texas
19%
2015An American in Paris
16%
2000Contact
16%
1992Crazy for You
16%
1954Kismet
16%
1993Kiss of the Spider Woman
16%
1994Passion
16%
1974Raisin
16%
1959Redhead
16%
1991The Will Rogers Follies
16%
1953Wonderful Town
16%
2017Natasha, Pierre & The Great Comet of 1812
16%
2009Next to Normal
16%
1976Pacific Overtures
16%
1997The Life
16%
2005The Light in the Piazza
16%
1991The Secret Garden
16%
2020Tina
16%
2019Ain't Too Proud
13%
2010American Idiot
13%
1984Baby
13%
1970Applause
13%
1968Hallelujah, Baby!
13%
1989Jerome Robbins' Broadway
13%
2016Bright Star
13%
1996Bring in 'da Noise, Bring in 'da Funk
13%
1957Candide
13%
2004Caroline, or Change
13%
2007Curtains
13%
1959Flower Drum Song
13%
1990Grand Hotel
13%
1987Me and My Girl
13%
1997Steel Pier
13%
1999The Civil War
13%
2006The Drowsy Chaperone
13%
1971The Rothschilds
13%
2006The Wedding Singer
13%
2000The Wild Party
13%
1969Zorba
13%
1980Barnum
10%
1957Bells Are Ringing
10%
1989Black and Blue
10%
1993Blood Brothers
10%
2013Bring It On
10%
1962Carnival!
10%
2011Catch Me If You Can
10%
1970Coco
10%
2005Dirty Rotten Scoundrels
10%
1992Five Guys Named Moe
10%
2022Girl from the North Country
10%
2020Jagged Little Pill
10%
1992Jelly's Last Jam
10%
1990Meet Me in St. Louis
10%
1983Merlin
10%
2022Paradise Square
10%
1969Promises, Promises
10%
1970Purlie
10%
1998Side Show
10%
1989Starmites
10%
1973Sugar
10%
1967The Apple Tree
10%
2004The Boy from Oz
10%
2001The Full Monty
10%
1984The Tap Dance Kid
10%
2015The Visit
10%
2008Xanadu
10%
2013A Christmas Story
6%
2001A Class Act
6%
1980A Day in Hollywood / A Night in the Ukraine
6%
1990Aspects of Love
6%
1979Ballroom
6%
2022A Strange Loop
6%
1986Big Deal
6%
2010Fela!
6%
2007Grey Gardens
6%
1985Grind
6%
2017Groundhog Day
6%
1968How Now, Dow Jones
6%
1977I Love My Wife
6%
1958Jamaica
6%
1985Leader of the Pack
6%
2012Leap of Faith
6%
1975Mack & Mabel
6%
2003Movin' Out
6%
1983My One and Only
6%
1958New Girl in Town
6%
2012Nice Work If You Can Get It
6%
1978On the Twentieth Century
6%
1974Over Here!
6%
2008Passing Strange
6%
1956Pipe Dream
6%
1982Pump Boys and Dinettes
6%
1987Rags
6%
1988Romance/Romance
6%
1988Sarafina!
6%
1975Shenandoah
6%
2016Shuffle Along, or, the Making of the Musical Sensation of 1921 and All That Followed
6%
1986Song and Dance
6%
1981Sophisticated Ladies
6%
2002Sweet Smell of Success
6%
2000Swing!
6%
1968The Happy Time
6%
1957The Most Happy Fella
6%
1998The Scarlet Pimpernel
6%
1993The Who's Tommy
6%
1979They're Playing Our Song
6%
1981Tintypes
6%
2019Tootsie
6%
1981Woman of the Year
6%
2014After Midnight
3%
1994A Grand Night for Singing
3%
1972Ain't Supposed to Die a Natural Death
3%
2003Amour
3%
2003A Year with Frog and Toad
3%
1983Blues in the Night
3%
1976Bubbling Brown Sugar
3%
1996Chronicle of a Death Foretold
3%
2008Cry-Baby
3%
1994Cyrano
3%
1973Don't Bother Me, I Can't Cope
3%
1961Do Re Mi
3%
1965Golden Boy
3%
1965Half a Sixpence
3%
1977Happy End
3%
1964High Spirits
3%
1967I Do! I Do!
3%
1968Illya Darling
3%
1961Irma La Douce
3%
1999It Ain't Nothin' but the Blues
3%
2000James Joyce's The Dead
3%
2001Jane Eyre
3%
1997Juan Darien
3%
1959La Plume de Ma Tante
3%
1962Milk and Honey
3%
2010Million Dollar Quartet
3%
2022Mr. Saturday Night
3%
1962No Strings
3%
1958Oh, Captain!
3%
1965Oh, What a Lovely War!
3%
1985Quilters
3%
1978Runaways
3%
1974Seesaw
3%
1977Side by Side by Sondheim
3%
1966Skyscraper
3%
1963Stop the World - I Want to Get Off
3%
1980Sugar Babies
3%
1996Swinging on a Star
3%
1960Take Me Along
3%
1986Tango Argentino
3%
1993The Goodbye Girl
3%
1975The Lieutenant
3%
1971The Me Nobody Knows
3%
2011The Scottsboro Boys
3%
1967Walking Happy
3%

Score Distribution

Percentile by Number Answered

Percent of People with Each Score

Your Score History

You have not taken this quiz